000 01191nam0a22002891 4500
001 rc\3140894
005 20250530082830.0
021 _aRU
_b[75-64624]
035 _a(NLR Aleph) 007318442
090 _a5884077
_c5884077
100 _a20120615d1975 |||y0rusy50 ca
101 0 _arus
102 _aRU
105 _aab z |||||
200 1 _aЭкология почв и почвенные ресурсы Кемеровской области
_fОтв. ред. д-р с.-х. наук, проф. Р.В. Ковалев
_gАН СССР. Сиб. отд-ние. Ин-т почвоведения и агрохимии
210 _aНовосибирск
_cНаука. Сиб. отд-ние
_d1975
215 _a300 с.
_cил., карт.
_d22
320 _aСписок лит.: с. 289-298
606 _aПочвы
_yКемеровская область
_2psbo
606 _aПочвообразование
_yКемеровская область
_2psbo
700 1 _aТрофимов
_bС.С.
_f1919-
_gСергей Сергеевич
702 1 _aКовалев
_bР.В.
_4340
801 0 _aRU
_bNLR
_gpsbo
801 1 _aRU
_bELAR
_2rusmarc
852 _aNLR
_j75-5/3056
942 _cBOOK
980 _aNB